000 00367cam a2200157ua 4500
041 _aeng
_h
082 _a828.09
_bBYR/BR
100 _aBryson, John .
245 _aBrowning /
_cJohn Bryson.
_hTextual Documents
250 _a1 /
_b.
260 _aLondon :
_bLongman Green and Co ,
_c1963.
300 _a42 ; .
504 _a
942 _cBK
999 _c8685
_d8685